=LDR 00000nam 2200000 4500 =001 INLIS000000000040203 =005 20130612145759 =008 ***********************************Ind** =035 ##$$0010-061300000040203 =041 ##$$a Ind =082 ##$$a 813 =090 ##$$a 813, Mos s =100 ##$$a Mostert, Nataha =245 ##$$a Seasou of the witch, Jerat-jerat sibir, Natasha Madtert ; alih bahasa, Lalu Wijaya =260 ##$$a 2011 $b Jakarta =300 ##$$a 536 hlm, 30 cm =650 ##$$a Fiksi =850 ##$$a NBPNMAT